Tous les arrêts de la ligne T2 (Pau) - Statistiques

Statistiques générales
  • Ce quiz a été pris 4 fois
  • Le résultat moyen est 10 sur 35
Statistiques - réponses
Réponse % Correct
LONS Perlic
100%
Les Halles Médiathèque
67%
Montardon
67%
Place Verdun
67%
St Joseph
67%
CHP
33%
Collège J. d'Albret
33%
Commandant Mouchotte
33%
Édouard VII
33%
Faisans
33%
Gaston Phœbus
33%
Guichenné
33%
Laffitte
33%
Lartigue
33%
Méon
33%
Norman Prince
33%
Palais de Justice
33%
Parc Lawrance
33%
PAU Bosquet
33%
PAU Porte des Pyrénées
33%
PAU Stades du Hameau
33%
Perlic Sud
33%
Pinsons
33%
St Julien
33%
Blériot
0%
Daurat
0%
Farman
0%
Feuillage
0%
Fouchet
0%
Labourdette
0%
Le Mail
0%
Paris Madrid
0%
Pont Long
0%
St Jammes
0%
Val d'Or
0%
Aucun quiz correspondant
Distribution des résultats
% des personnes avec chaque résultat
Percentile par nombre de réponses
Votre historique - résultats
Vous n’avez pas pris ce quiz